000 00947nam a2200217Ia 4500
003 IN-BaIIA
008 211028s9999 xx s 000 0 eng d
020 _a978-1-107-19245-4 (Print)
022 _a1743-9213 (Print)
022 _a1743-9221 (Online)
040 _cIIA Library
100 _aTarchi, A., ed.
_940725
245 0 _aAstrophysical Masers: Unlocking the Mysteries of the Universe
_h[eBook]
260 _aCambridge
_bCambridge University Press
_c2018
300 _aOnline resource
490 _aIAU Symposium; no. 336
700 _aCastangia, P., ed.
_940726
700 _aReid, M. J., ed.
_915796
856 _uhttps://www.cambridge.org/core/journals/proceedings-of-the-international-astronomical-union/issue/astrophysical-masers-unlocking-the-mysteries-of-the-universe/024C8F71836A32451299A8FFC4BAC933
_yClick Here to Access eBook
942 _cEB
999 _c22045
_d22045